000 01545nam a22004335a 4500
001 21598
003 VRT
005 20260306134533.0
008 151112s2011 xo a a 000 0 slo
015 _aSNBA2012/05-02668
020 _a9788081073915
035 _a5E21CC2B-002C-4EBF-BC91-F655152AC681
035 _aurn:nbn:sk:snk-amjxtx
035 _aurn:nbn:sk:snk-am007xuy
039 9 _a201511121723
_bVLOAD
_c201507071640
_dVLOAD
_c201210110938
_dmsavuk30
_c201208280852
_dmsnk38
040 _aSNK
_bslo
_cSNK
_eAACR2
041 1 _aslo
_heng
044 _axo
_cSK
072 7 _a821-93
_xLiteratúra pre deti a mládež (beletria)
_2konspekt
080 _a821-93
_22001
080 _a(0.025.2)
_22001
240 1 0 _aEin Besuch im ZOO
_lSlovensky
245 1 0 _aMôj veľký obrázkový slovník
_bnávšteva v ZOO
_c[námet a koncepcia: Monika Eisele ; ilustrácie: Anne Suess ; text: Ute Haderlein ; preklad: Renáta Javorská]
250 _a1. slov. vyd.
260 _aBratislava
_bSvojtka & Co.
_c2011
300 _a[10] s.
_bfareb. ilustr.
_c27 cm
655 7 _apublikácie pre deti
_2SNKPH
655 7 _aleporelá
_2SNKPH
700 1 _aEisele, Monika
_4oth
700 1 _aSuess, Anne
_4ill
700 1 _aHaderlein, Ute
_4aut
700 1 _aJavorská, Renáta
_4trl
942 _2ddc
_cKLDE
_n0
949 _617A0835126
_asnkSB 82383
_bsnk2012/1767
_o2594/11
_s6100:20140925
949 _617A0835127
_asnkSB 82383 D1
_bsnk2012/1768
_o2594/11
949 _62889187153
_asavukPV 16696
_bsavuk2012/3187
980 _a087.5
980 _a(0.025.2)
999 _c21598
_d21598